00328nam a22001337a 4500003000400000008004100004020001800045082001600063100002000079245005100099250001100150260002500161300000800186OSt240323b |||||||| |||| 00| 0 eng d a9789355322142 a005.133 THD aTHAREJA, Reema. aData Science and Machine Learning using Python a2nd Ed aNew DelhibTMHc2023 a621